Introduction to Decision Analysis: A practitioner's guide to improving decision quality

Bewaard in:
Bibliografische gegevens
Hoofdauteur: Skinner, David C (Auteur)
Formaat: Boek
Taal:Engels
Gepubliceerd in: Sugar Land Probabilistic Publishing 2009
Editie:3a. ed
Onderwerpen:
Tags: Voeg label toe
Geen labels, Wees de eerste die dit record labelt!

MARC

LEADER 00000cam a2200000 a 4500
001 UCH7438
003 CL-VaPUC
008 091112e20090100US |||||||||||||||||eng|d
020 |a 9780964793866 
082 0 4 |a 658.403  |b SKI  |2 21 
100 0 |a Skinner, David C  |e author  |9 543888 
245 1 0 |a Introduction to Decision Analysis: A practitioner's guide to improving decision quality 
250 |a 3a. ed 
300 |a 350 p 
942 |c BK 
945 |d 20091112 00:00:00  |a dcastane 
260 |a Sugar Land  |b Probabilistic Publishing  |c 2009 
650 0 |a Toma de decisiones   |9 257530 
650 0 |a Planificación estratégica   |9 259735 
650 0 |a Gestión de la información   |9 362327 
650 7 |a METODOS DE SIMULACION  |2 CL-VaPUC  |9 260497 
583 |a last modification  |c 20130719 11:03:14  |k Rodrigo Vera 
999 |c 338035  |d 338033 
952 |0 0  |1 0  |4 0  |6 658_403000000000000_SKI_2009  |7 0  |8 A  |9 430821  |a BIBING  |b BIBING  |d 2019-11-22  |i 4618114  |o 658.403 SKI 2009  |p 4618114  |r 2025-01-20  |w 2019-11-22  |y BK  |k EII 
952 |0 0  |1 0  |4 0  |6 658_403000000000000_SKI_2009  |7 0  |8 A  |9 430822  |a BIBING  |b BIBING  |d 2019-11-22  |i 4978803  |o 658.403 SKI 2009  |p 4978803  |r 2025-01-20  |w 2019-11-22  |y BK  |k EII